Tiempos de dragones : La profecía imperfecta /
"La profecía imperfecta" es el primer libro de la trilogía "Tiempo de Dragones" escrita por Liliana Bodoc. La historia se desarrolla en un mundo donde humanos y dragones conviven en armonía hasta que el linaje Dratewka destruye esa fraternidad. Una profecía advierte sobre la lleg...
Guardado en:
| Autor Principal: | |
|---|---|
| Formato: | Libro |
| Publicado: |
Buenos Aires :
P&J,
2023.
|
| Edición: | 4a ed. |
| Series: | Éxitos
|
| Materias: | |
| Etiquetas: |
Agregar Etiqueta
Sin Etiquetas, Sea el primero en etiquetar este registro!
|
| LEADER | 01069nam a22002655a 4500 | ||
|---|---|---|---|
| 001 | CEM.cems020227 | ||
| 008 | 230626s2023##################000#0#####d | ||
| 005 | 20230626135708.0 | ||
| 245 | 1 | 0 | |a Tiempos de dragones : |b La profecía imperfecta / |c Liliana Bodoc. |
| 250 | |a 4a ed. | ||
| 260 | |a Buenos Aires : |b P&J, |c 2023. | ||
| 300 | |a 320 p. | ||
| 490 | 1 | |a Éxitos | |
| 520 | |a "La profecía imperfecta" es el primer libro de la trilogía "Tiempo de Dragones" escrita por Liliana Bodoc. La historia se desarrolla en un mundo donde humanos y dragones conviven en armonía hasta que el linaje Dratewka destruye esa fraternidad. Una profecía advierte sobre la llegada de un elegido destinado a restablecer la armonía | ||
| 020 | |a 9789506443344 | ||
| 100 | 1 | |a Bodoc, Liliana | |
| 082 | 0 | 4 | |a A863.4 |
| 653 | |a Literatura | ||
| 653 | |a Literatura argentina | ||
| 653 | |a Narrativa | ||
| 653 | |a Narrativa argentina | ||
| 653 | |a Novelas | ||
| 653 | |a Novela argentina | ||
| 653 | |a Literatura fantástica | ||
| 859 | |a CEMS |b BIB. CEMS - 11 de abril |h A863.4 |i B632-12 |p 29500.23 |t Ej.1 | ||
